[Event "GER-ch Net Amateur Gr-C Vor1"]
[Site "Playchess.com INT"]
[Date "2020.04.14"]
[Round "4"]
[White "Siemianowski, Regina"]
[Black "Hockenjos, Marius"]
[Result "0-1"]
[WhiteElo "1309"]
[BlackElo "1557"]
[PlyCount "128"]
[EventDate "2020.04.14"]
[EventType "swiss (blitz)"]
[EventRounds "9"]
[EventCountry "GER"]
[SourceTitle "CBM 196 Extra"]
[Source "ChessBase"]
[SourceDate "2020.07.31"]
[SourceVersion "1"]
[SourceVersionDate "2020.07.31"]
[SourceQuality "1"]

1. e4 e6 2. d4 d5 3. exd5 exd5 4. Nf3 Bd6 5. Be2 Bg4 6. 0-0 Ne7 7. Nc3 0-0 8. Bg5 f6 9. Bh4 Nbc6 10. Re1 Qd7 11. a3 a6 12. Qd3 Bf5 13. Qd2 Rad8 14. Bd3 Bxd3 15. Qxd3 Rfe8 16. Nd2 Rf8 17. Bg3 Bxg3 18. fxg3 Ng6 19. Nf3 Nce7 20. Ne2 c6 21. Nf4 Qd6 22. c3 Nxf4 23. gxf4 Rfe8 24. g3 Ng6 25. Rxe8+ Rxe8 26. Kg2 Ne7 27. Re1 Qd7 28. Re3 Nc8 29. Qe2 Rxe3 30. Qxe3 Qe7 31. Qxe7 Nxe7 32. Kf2 Kf7 33. Ke3 Nc8 34. Nh4 g6 35. g4 Nb6 36. b3 Nc8 37. Nf3 Nd6 38. g5 f5 39. Ne5+ Ke7 40. a4 Ne4 41. c4 Ke6 42. cxd5+ cxd5 43. h4 Nc3 44. Nd3 Ne4 45. Nc5+ Kd6 46. Nxe4+ dxe4 47. b4 Kd5 48. b5 axb5 49. axb5 Kc4 50. b6 Kb5 51. d5 Kxb6 52. Kd4 Kc7 53. Ke3 b5 54. Kd4 Kd6 55. Kc3 Kxd5 56. Kb4 e3 57. Kxb5 e2 58. Kb6 e1Q 59. Kc7 Qc3+ 60. Kb7 Qc6+ 61. Ka7 Qb5 62. Ka8 Kd6 63. Ka7 Kc7 64. Ka8 Qa5# 0-1